| 000 | 00784nam a2200277Ia 4500 | ||
|---|---|---|---|
| 003 | OSt | ||
| 005 | 20221002051156.0 | ||
| 006 | a|||||r|||| 00| 0 | ||
| 007 | ta | ||
| 008 | 220930b |||||||| |||| 00| 0 eng d | ||
| 024 | _a22560 | ||
| 037 | _cReference Collections | ||
| 040 |
_aCRL _cCRL _beng |
||
| 041 |
_2eng _aeng |
||
| 082 | _aSigmak1,N9, N6 (RR) | ||
| 100 | _aKuper Adam Ed | ||
| 245 | 0 | _aSocial Science encyclopedia | |
| 250 | _a2nd | ||
| 260 |
_aLondon _bRoutledge _c1996 |
||
| 300 |
_a923p _ccm. |
||
| 650 | _a PSYCHOLOGY | ||
| 650 |
_aENCYCLOPEDIAS AND DICTIONARIES _977 |
||
| 700 |
_a Kuoer Jessica Ed _9572180 |
||
| 942 |
_hSigmak1,N9, N6 (RR) _cref _2CC |
||
| 999 |
_c916160 _d916160 |
||